DIALOG Hotel
Informácia o softwarovom produkte (riešenom v systéme DIALOG 2000 C) pre ubytovacie a stravovacie zariadenia pre bežné ekonomicko-administratívne agendy (kmeňový súbor hostí, rezervovanie izieb, objektov, vyúčtovanie, uzávierky, prehľady, štatistika).
Gespeichert in:
| Format: | Buchkapitel |
|---|---|
| Sprache: | Tschechisch |
| Schlagworte: | |
| Tags: |
Keine Tags, Fügen Sie das erste Tag hinzu!
|
MARC
| LEADER | 00000naa a2200000 4500 | ||
|---|---|---|---|
| 001 | r014404 | ||
| 005 | 20221213090140.4 | ||
| 041 | 0 | |a cze | |
| 044 | |a SK | ||
| 245 | 1 | 0 | |a DIALOG Hotel |
| 520 | |a Informácia o softwarovom produkte (riešenom v systéme DIALOG 2000 C) pre ubytovacie a stravovacie zariadenia pre bežné ekonomicko-administratívne agendy (kmeňový súbor hostí, rezervovanie izieb, objektov, vyúčtovanie, uzávierky, prehľady, štatistika). | ||
| 610 | 2 | 0 | |a DIALOG Hotel |
| 610 | 2 | 0 | |a softvér |
| 610 | 2 | 0 | |a systémy informačné |
| 610 | 2 | 0 | |a hotely |
| 610 | 2 | 0 | |a zariadenia stravovacie |
| 610 | 2 | 0 | |a zariadenia ubytovacie |
| 610 | 2 | 0 | |a AIS |